Game Of Thrones- Events - Statistics

General Stats
  • This quiz has been taken 404 times
  • The average score is 7 of 12
Answer Stats
Hint Answer % Correct
Marriage between Edmure Tully and Roslin Frey. Most of the Starks and their bannerman were killed The Red Wedding
100%
The battle was an attempt by Stannis Baratheon to take King's Landing, the capital of the Seven Kingdoms, and to seize the Iron Throne from Joffrey Baratheon. Battle of the Blackwater
85%
An event in the War of the Five Kings that leads to the death of King Joffrey Baratheon at the wedding feast to his new queen, Margaery Tyrell. (What does Joffrey's wedding become known as) The Purple Wedding
76%
A major military conflict that erupts in the wake of the death of King Robert I. In essence, the war is a three-way battle for the Iron Throne fought alongside two independence movements. The War of the Five Kings
72%
One of the last great civil wars amongst the Great Houses of Westeros that took place approximately seventeen years before the TV series began, and lasted about one year Robert's Rebellion
65%
Eight thousand years before the Targaryen Conquest, a winter known as the ____ _____ descended upon the world, which lasted an entire generation Long Night
60%
Climactic battle in which Robert Baratheons forces destroy the Targaryens and he personally kills Rhaegar Targaryen The Battle of the Trident
53%
A catastrophic event that took place nearly four hundred years before the War of the Five Kings. It caused the fall of the Valyrian Freehold and would lead, indirectly, to the conquest of the Seven Kingdoms of Westeros by House Targaryen The Doom of Valyria
52%
A major war that resulted in the unification of six of the Seven Kingdoms of Westeros under the invading forces of House Targaryen. The war took place approximately 300 years before the start of the TV series. War of Conquest
41%
The event where the Wildlings lay seige to the Nights Watch on both sides of The Wall Battle of Castle Black
29%
A year long siege where Stannis Baratheon was responsible for holding Storms End Siege of Storm's End
22%
Was the migration of the Andals to the continent of Westeros from their homeland of Andalos on the eastern continent of Essos, six thousand years before the War of the Five Kings. The Andal Invasion
16%
No matching quizzes found
Score Distribution
Percent of People with Each Score
Percentile by Number Answered
Your Score History
You have not taken this quiz